LEADER 01148nam a22002771i 4500 001 991002599499707536 005 20030815145530.0 008 030925s1974 sw |||||||||||||||||ger 020 $a9155402305 035 $ab12311583-39ule_inst 035 $aARCHE-035912$9ExL 040 $aBiblioteca Interfacoltà$bita$cA.t.i. Arché s.c.r.l. Pandora Sicilia s.r.l. 082 04$a830.9 100 1 $aMüller, Gerd$0446240 245 10$aLiteratur und revolution :$buntersuchungen zur Frage des literarischen engagements in Zeiten dés politischen Umbruchs /$cvon Gerd Müller 260 $aUppsala ;$aStockholm :$bAlmqvist & Wiksell international [distributore],$c1974 300 $a173 p. ;$c8 cm 440 0$aActa universitatis upsaliensis.$pStudia germanistica upsaliensia ;$v14 650 4$aLetteratura 650 4$aSociologia 907 $a.b12311583$b02-04-14$c08-10-03 912 $a991002599499707536 945 $aLE002 Ann. 247/014$g1$i2002000193278$lle002$o-$pE0.00$q-$rl$s- $t0$u0$v0$w0$x0$y.i12708306$z08-10-03 996 $aLiteratur und revolution$9162386 997 $aUNISALENTO 998 $ale002$b08-10-03$cm$da $e-$fger$gsw $h0$i1 LEADER 01603oam 2200397M 450 001 9910716399103321 005 20200213070537.1 035 $a(CKB)5470000002520139 035 $a(OCoLC)1065851556 035 $a(OCoLC)995470000002520139 035 $a(EXLCZ)995470000002520139 100 $a20071213d1926 ua 0 101 0 $aeng 135 $aurcn||||||||| 181 $ctxt$2rdacontent 182 $cc$2rdamedia 183 $acr$2rdacarrier 200 10$aCreation of middle district in the State of Georgia. April 8, 1926. -- Committed to the Committee of the Whole House on the State of the Union and ordered to be printed 210 1$a[Washington, D.C.] :$c[U.S. Government Printing Office],$d1926. 215 $a1 online resource (1 page) 225 1 $aHouse report / 69th Congress, 1st session. House ;$vno. 796 225 1 $a[United States congressional serial set ] ;$v[serial no. 8533] 300 $aBatch processed record: Metadata reviewed, not verified. Some fields updated by batch processes. 300 $aFDLP item number not assigned. 606 $aJudicial districts 608 $aLegislative materials.$2lcgft 615 0$aJudicial districts. 701 $aGraham$b George Scott$f1850-1931.$pRepublican (PA)$01386798 801 0$bWYU 801 1$bWYU 801 2$bOCLCO 801 2$bOCLCQ 906 $aBOOK 912 $a9910716399103321 996 $aCreation of middle district in the State of Georgia. April 8, 1926. -- Committed to the Committee of the Whole House on the State of the Union and ordered to be printed$93440924 997 $aUNINA